| 000 | 00761nam a2200217 4500 | ||
|---|---|---|---|
| 001 | 916 | ||
| 005 | 20181127162309.0 | ||
| 010 | 0 | 0 | _a |
| 020 | 0 | 0 | _a |
| 090 | 0 | 0 | _a353.95 I61217p 2011 |
| 100 | 0 | 0 | _a |
| 245 | 0 | 0 |
_aProceedings of the international conference on disaster management and cultural heritage : _b12 - 14 December 2010, Thimphu, Bhutan. _c _h |
| 250 | 0 | 0 | _a |
| 260 | 0 | 0 |
_aThimphu : _bPolicy and Planning Division, Ministry of Home and Cultural Affairs. _c2011. |
| 300 | 0 | 0 | _a327 p. |
| 500 | _a"Living in harmony with the four elements" | ||
| 650 | 0 | 0 |
_a _x |
| 650 | 0 | 0 |
_aCultural property --Protection. _x |
| 650 | 0 | 0 |
_aEmergency management --Bhutan.. _x |
| 710 |
_aInternational Conference on Disaster Management and Cultural Heritage. _b _c _d _n _o _p _r _s _t |
||
| 999 |
_c646 _d646 |
||